| 000 | 00952nam a22001937a 4500 | ||
|---|---|---|---|
| 003 | OSt | ||
| 005 | 20130522121919.0 | ||
| 008 | 130522s1994 ||||| |||| 00| 0 spa d | ||
| 040 | _cCDMR | ||
| 245 | 0 | 0 | _aCódigo de ética del periodista venezolano [...] |
| 260 |
_a[Caracas] _bOficina Central de Información _c[1994] |
||
| 300 | _a49 p. | ||
| 490 | 0 |
_aComunicación y Mensaje _v4 |
|
| 500 | _aConté: Código de ética del periodista venezolano ; Código de ética de la Asociación Nacional de Anunciantes (ANDA) y la Federación Venezolana de Agencias Publicitarias (FEVAP) ; Código de ética de la Radiodifusión Venezolana ; Código de ética de la Asociación de Relaciones Públicas de Venezuela ; Código de ética de la Cámara Venezolana de la Televisión | ||
| 650 | 0 | 4 |
_9983 _aÈtica periodística _zVeneçuela |
| 650 | 0 | 4 |
_9419 _aCodis deontològics |
| 710 | 1 |
_93486 _aVeneçuela _b -- Oficina Central de Información |
|
| 942 |
_2udc _cFULLET |
||
| 999 |
_c6296 _d6296 |
||